Письмо Московского предводителя дворянства П. Базилевского председателю Постоянного совета А. А. Бобринскому по вопросу о выборе...

Доступно только в Электронных читальных залах Найти на картеНа карте
RUSMARC
00004114nac2a22002891x 450
0018c140130-214f-4214-a2a3-cb2ef5e1878d
00520131123004918.0
100##$a20130529l1907 k y0rusy50 ca
1010#$arus
102##$aRU
105##$ay z |||||
1220#$ad19070907
2001#$aПисьмо Московского предводителя дворянства П. Базилевского председателю Постоянного совета А. А. Бобринскому по вопросу о выборе членов Государственного совета
$j7 сентября 1907
215##$a2 листа
251##$cДело
300##$aНапечатано типографским способом
324##$aПечатная копия
330##$aXII. Материалы по вопросам Государственной думы и Государственного совета и об отношении к Временному правительству /1905-1917/
461#0$1001b6db1e6b-efcc-4108-961b-a8f75be6354f
$12001
$aПостоянный совет объединенных дворянских обществ
$1251
$cФонд
$1852
$j434
462#0$1001376737bd-14a2-4097-a3d5-a02b2aa0e2d3
$12001
$aПостоянный совет объединенных дворянских обществ. 1906-1917 гг.
$1251
$cОпись
$1852
$j1
600#1$aБазилевский
$bП.
600#1$aБобринский
$bА. А.
$gАлексей Александрович
60102$3RU\NLR\AUTH\8810165427
$aПостоянный совет объединенных дворянских обществ
$cПетербург
60101$3RU\NLR\AUTH\889948587
$aРоссия
$bГосударственный совет
801#0$aRU
$bGA_RF
801#1$aRU
$bНПО Опыт
$c20130529
$2rusmarc
801#2$aRU
$bПБ им. Б.Н. Ельцина
$c20131123
$gRCR
$2rusmarc
852##$aГА РФ
$j362
937##$d41974869
$hПБ
035##$aRuPRLIB51005819
Формат отображения